000 00501nam a22001697a 4500
005 20251108164939.0
008 250721s2001 xx 000 0 ara d
082 1 4 _a613.7/إبر
100 1 _aإبراهيم، مروان عبد المجيد
245 1 0 _aاللياقة و الرياضة للجميع /
264 1 _aعمان :
_bمؤسسة الوراق،
_c2001.
300 _a146ص
650 1 7 _aاللياقة البدنية
650 1 7 _aالرياضة
942 _2ddc
_cBK
999 _c18124
_d18124